| 000 | 01742nam a22002657a 4500 | ||
|---|---|---|---|
| 003 | UA-OsUOA | ||
| 001 | 130043 | ||
| 007 | ta | ||
| 008 | 20180404b un ||||| |||| 00| 0 ukr d | ||
| 100 | _aДзюблюк О. В. | ||
| 090 |
_a336.71 _bД43 |
||
| 942 | _cBK | ||
| 040 |
_aUA-OsUOA _bukr _cUA-OsUOA _dUA-OsUOA |
||
| 245 |
_aГрошово-кредитне регулювання у механізмі забезпечення макроекономічної стабілізації і ефективності функціонування банківської системи України _bмонографія |
||
| 300 | _a530 с. | ||
| 955 | _a1 | ||
| 041 | _aukr | ||
| 080 | _a336.71 | ||
| 020 | _a978-966-654-339-7 | ||
| 520 | 3 | _aЗміст1. Теоретичні основи грошово-кредитного регулювання в ринкових умовах господарювання2. Монетарна політика центрального банку та її вплив на макроекономічну стабільність у період кризових явищ3. Ефективність функціонування банківської систем | |
| 520 | 3 | _aи та концептуальні засади забезпечення її фінансової стійкості4. Практичні аспекти управління фінансовою стійкістю банківської системи України у грошово-кредитному механізмі забезпечення макроекономічної стабілізації | |
| 260 |
_aТернопіль _bТНЕУ _c2014 |
||
| 650 | 7 |
_a336 Фінанси _2UDC |
|
| 999 |
_c417985 _d417985 |
||